[Event "Первенство Москвы"]
[Site "РњРѕСЃРєРІР°"]
[Date "2016.11.15"]
[Round "4.14"]
[White "Kirushin, Ivan"]
[Black "Kalita, Daniil"]
[Result "1-0"]
[WhiteElo "1671"]
[BlackElo "1520"]
[PlyCount "147"]
[EventDate "2016.11.12"]

1. e4 e6 2. d4 d5 3. Nc3 Nf6 4. Bd3 c5 5. exd5 cxd4 6. Bb5+ Bd7 7. Qxd4 Bxb5 8.
Nxb5 Qa5+ 9. Nc3 Nxd5 10. Bd2 Qd8 11. Nxd5 Qxd5 12. Qxd5 exd5 13. O-O-O Nc6 14.
Bc3 O-O-O 15. Ne2 Bc5 16. Nd4 Nxd4 17. Bxd4 Bxd4 18. Rxd4 Rhe8 19. Rd2 Re4 20.
Rhd1 Kc7 21. Rxd5 Rxd5 22. Rxd5 Re2 23. Rf5 f6 24. Kd1 Re4 25. Rh5 h6 26. Rh3
Rg4 27. Rg3 Rd4+ 28. Ke2 Rd7 29. Rc3+ Kb6 30. f4 f5 31. Rd3 Re7+ 32. Re3 Rd7
33. Re5 Rc7 34. c3 Rf7 35. h4 Rf6 36. Re7 g5 37. fxg5 hxg5 38. hxg5 Rg6 39. Re5
Rxg5 40. Kf3 Kc6 41. Re7 Rg4 42. Rf7 Rg5 43. b4 a6 44. a4 Kb6 45. g3 Kc6 46.
Rf6+ Kd5 47. Rf7 Kc4 48. Rc7+ Kb3 49. Rxb7 Kxc3 50. b5 axb5 51. Rxb5 Kc4 52.
Rb6 Rg7 53. a5 Ra7 54. a6 Kc5 55. Rf6 Kb5 56. Kf4 Rg7 57. Re6 Rg4+ 58. Kf3 Rg7
59. Rf6 Ka5 60. Rxf5+ Kxa6 61. Rc5 Kb6 62. Rc3 Rf7+ 63. Ke4 Rf1 64. g4 Kb7 65.
g5 Kb6 66. Ke5 Kb7 67. g6 Rf2 68. Ke6 Rf1 69. g7 Rg1 70. Kf7 Rf1+ 71. Kg8 Kb6
72. Rh3 Rg1 73. Kh8 Rxg7 74. Kxg7 1-0

[Event "Первенство Москвы"]
[Site "РњРѕСЃРєРІР°"]
[Date "2016.11.15"]
[Round "4.15"]
[White "Efimov, Ivan"]
[Black "Soloviev, Vladislav"]
[Result "1-0"]
[WhiteElo "1486"]
[BlackElo "1669"]
[PlyCount "97"]
[EventDate "2016.11.12"]

1. e4 c5 2. Nf3 Nc6 3. d3 g6 4. g3 Bg7 5. Bg2 e6 6. O-O Nge7 7. c3 O-O 8. Be3
d6 9. Nbd2 Rb8 10. Nb3 b5 11. d4 c4 12. Nbd2 d5 13. e5 b4 14. Rb1 Qa5 15. Qc2
Ba6 16. Bg5 Nc8 17. a3 bxa3 18. bxa3 h6 19. Bf6 Rxb1 20. Nxb1 Nb6 21. Nh4 Kh7
22. Bh3 Re8 23. Bg4 Qa4 24. Qd2 Nd7 25. Bxg7 Kxg7 26. Bd1 Qa5 27. g4 Qb6 28.
Be2 Qd8 29. Ng2 f6 30. f4 fxe5 31. fxe5 Rf8 32. Nf4 Qe8 33. Bd1 Rf7 34. Bc2 Nf8
35. Ba4 Bb7 36. Qc2 Qe7 37. Qf2 Nd8 38. Qg3 Kh7 39. Bc2 Kg7 40. a4 Bc6 41. Nd2
Be8 42. Nf3 g5 43. Nh5+ Kh8 44. Nf6 Kg7 45. h4 gxh4 46. Nxh4 a5 47. g5 hxg5 48.
Qxg5+ Kh8 49. Qg8# 1-0

[Event "Первенство Москвы"]
[Site "РњРѕСЃРєРІР°"]
[Date "2016.11.15"]
[Round "4.17"]
[White "Pischik, Aleksei"]
[Black "Kozlov, Kirill"]
[Result "1/2-1/2"]
[WhiteElo "1533"]
[BlackElo "1654"]
[PlyCount "57"]
[EventDate "2016.11.12"]

1. e4 d6 2. d4 g6 3. Nc3 Nf6 4. f4 Bg7 5. Nf3 O-O 6. Bd3 Nbd7 7. e5 dxe5 8.
fxe5 Ne8 9. O-O c5 10. Be3 b6 11. Be4 Rb8 12. dxc5 Ba6 13. cxb6 axb6 14. Re1
Nxe5 15. Qxd8 Nxf3+ 16. Bxf3 Rxd8 17. Nd5 e6 18. Nxb6 Bxb2 19. Rab1 Bc3 20.
Red1 Ng7 21. Nd7 Rfe8 22. Nc5 Bc4 23. Nb3 Nf5 24. Bb6 Rb8 25. Bc7 Rbc8 26. Bb6
Rb8 27. Bc7 Rbc8 28. Bb6 Rb8 29. Bc7 1/2-1/2

[Event "Первенство Москвы"]
[Site "РњРѕСЃРєРІР°"]
[Date "2016.11.15"]
[Round "4.20"]
[White "Dorofeev, Fedor"]
[Black "Rustamov, Sezqin"]
[Result "0-1"]
[WhiteElo "1460"]
[BlackElo "1798"]
[PlyCount "78"]
[EventDate "2016.11.12"]

1. Nf3 d5 2. d4 Nf6 3. c4 e6 4. Nc3 Be7 5. Bf4 Bd6 6. Ne5 Nh5 7. Bg3 Nxg3 8.
hxg3 Bxe5 9. dxe5 d4 10. Nb5 Nc6 11. f4 a6 12. Na3 Qe7 13. Nc2 Qc5 14. a3 b6
15. Qd3 Bb7 16. b4 Qe7 17. Nxd4 Rd8 18. e3 Nxb4 19. axb4 Qxb4+ 20. Qd2 Qxd2+
21. Kxd2 c5 22. Kc3 cxd4+ 23. exd4 Rc8 24. Rb1 b5 25. c5 Ke7 26. Bd3 Bxg2 27.
Rxh7 Rxh7 28. Bxh7 g6 29. Rb2 Bd5 30. Rh2 Rh8 31. g4 Be4 32. Bxg6 Rxh2 33. Bxe4
Rh4 34. f5 Rxg4 35. fxe6 fxe6 36. Bc6 Rg3+ 37. Kb2 b4 38. d5 exd5 39. Bxd5 Rg5
0-1

[Event "Первенство Москвы"]
[Site "РњРѕСЃРєРІР°"]
[Date "2016.11.15"]
[Round "4.21"]
[White "Gofman, Lev"]
[Black "Knjazev, Artem"]
[Result "1-0"]
[WhiteElo "1622"]
[BlackElo "1476"]
[PlyCount "99"]
[EventDate "2016.11.12"]

1. e4 c5 2. Nf3 e6 3. c4 Nc6 4. d4 cxd4 5. Nxd4 Bb4+ 6. Nc3 Nge7 7. a3 Bxc3+ 8.
bxc3 O-O 9. Be2 f5 10. exf5 Nxd4 11. cxd4 Qa5+ 12. Bd2 Qxf5 13. O-O Ng6 14. Bb4
Re8 15. Bd3 Qf7 16. f4 b6 17. Be4 d5 18. Bd3 Bb7 19. c5 a5 20. Bd2 bxc5 21.
dxc5 Qc7 22. Rc1 Ba6 23. Bxa6 Rxa6 24. Qa4 Rc8 25. Rf2 Ne7 26. Rf3 Qc6 27. Qd4
Rc7 28. Qe5 Ng6 29. Qg5 Ra8 30. f5 Ne5 31. Rg3 Nc4 32. f6 Qxc5+ 33. Be3 Qf8 34.
Bd4 g6 35. h4 Qf7 36. h5 e5 37. hxg6 Qxg6 38. Qh4 exd4 39. Rxg6+ hxg6 40. Qg5
Rac8 41. Qxg6+ Kf8 42. Qh6+ Kg8 43. Rf1 Ne3 44. f7+ Rxf7 45. Qg6+ Rg7 46. Qe6+
Kh7 47. Qh3+ Kg6 48. Qxc8 Nxf1 49. Qe6+ Kh7 50. Kxf1 1-0

[Event "Первенство Москвы"]
[Site "РњРѕСЃРєРІР°"]
[Date "2016.11.15"]
[Round "4.22"]
[White "Morozov, Yury"]
[Black "Trofimov, Boris"]
[Result "0-1"]
[WhiteElo "1552"]
[BlackElo "1441"]
[PlyCount "68"]
[EventDate "2016.11.12"]

1. e4 c6 2. d4 d5 3. exd5 cxd5 4. Bd3 Nc6 5. c3 Nf6 6. Nf3 Bg4 7. Bg5 e6 8.
Nbd2 Be7 9. O-O O-O 10. Qe1 Rc8 11. Ne5 Nxe5 12. Qxe5 Nd7 13. Qg3 Bxg5 14. f4
h5 15. h3 Bh4 16. Qe3 Bf5 17. Be2 Bg6 18. g4 hxg4 19. hxg4 Be7 20. g5 Rc6 21.
Rf2 f6 22. gxf6 Rxf6 23. Nf3 Be4 24. Ng5 Rg6 25. Bh5 Rxg5+ 26. fxg5 Bxg5 27.
Bf7+ Kh8 28. Qh3+ Bh6 29. Raf1 Qg5+ 30. Kh2 Bf5 31. Qf3 Qh4+ 32. Kg1 Be4 33.
Qh5 Qxh5 34. Bxh5 Be3 0-1

[Event "Первенство Москвы"]
[Site "РњРѕСЃРєРІР°"]
[Date "2016.11.15"]
[Round "4.23"]
[White "Kushnarenko, Egor"]
[Black "Vorobiev-Achinovich, Ivan"]
[Result "1-0"]
[WhiteElo "1544"]
[BlackElo "1378"]
[PlyCount "75"]
[EventDate "2016.11.12"]

1. e4 c5 2. Nc3 Nc6 3. g3 Nf6 4. Bg2 g6 5. d3 Bg7 6. Be3 d6 7. h3 O-O 8. Qd2 a6
9. Bh6 Rb8 10. Bxg7 Kxg7 11. Nge2 Be6 12. f4 Qd7 13. Nd1 Ne8 14. g4 f6 15. Ng3
Bf7 16. f5 b5 17. Nf2 e6 18. Nd1 Nd4 19. c3 Nc6 20. Ne3 b4 21. O-O bxc3 22.
bxc3 Qc7 23. Ne2 Ne5 24. Nf4 exf5 25. gxf5 g5 26. Ne2 Rb7 27. Ng4 Nxg4 28. hxg4
Qb8 29. Qe3 Rb2 30. c4 Qb4 31. Rfd1 Qa3 32. Qc1 Rxa2 33. Qxa3 Rxa3 34. Rxa3 Nc7
35. Rb1 Ra8 36. Nc3 h5 37. e5 Ra7 38. e6 1-0

[Event "Первенство Москвы"]
[Site "РњРѕСЃРєРІР°"]
[Date "2016.11.15"]
[Round "4.24"]
[White "Kim, Andrey"]
[Black "Boger, Juri"]
[Result "1/2-1/2"]
[WhiteElo "1440"]
[BlackElo "1542"]
[PlyCount "84"]
[EventDate "2016.11.12"]

1. d4 d5 2. c4 e6 3. Nc3 Be7 4. cxd5 exd5 5. Bf4 c6 6. e3 Bf5 7. Nf3 Bd6 8.
Bxd6 Qxd6 9. Bd3 Bxd3 10. Qxd3 Nf6 11. O-O Nbd7 12. Rab1 O-O 13. b4 a6 14. a4
b5 15. a5 Rfe8 16. h3 Ne4 17. Nd2 f5 18. Ncxe4 fxe4 19. Qc3 Rac8 20. Rbc1 Re6
21. Nb3 g5 22. Nc5 Nxc5 23. Qxc5 Qxc5 24. Rxc5 Rf8 25. Rfc1 Rff6 26. R1c2 h5
27. g4 hxg4 28. hxg4 Kf7 29. Kg2 Ke7 30. Rc1 Rh6 31. Rh1 Kd7 32. Rcc1 Ref6 33.
Rxh6 Rxh6 34. Rh1 Rxh1 35. Kxh1 Ke7 36. Kh2 Kf6 37. Kg2 Ke7 38. Kg3 Kf6 39. f4
exf3 40. Kxf3 Ke7 41. Ke2 Kd7 42. Kd3 Ke6 1/2-1/2

[Event "Первенство Москвы"]
[Site "РњРѕСЃРєРІР°"]
[Date "2016.11.15"]
[Round "4.25"]
[White "Baituganov, Vyacheslav"]
[Black "Denisov, Mikhail"]
[Result "1-0"]
[WhiteElo "1537"]
[BlackElo "1365"]
[PlyCount "45"]
[EventDate "2016.11.12"]

1. e4 c5 2. Nc3 Nc6 3. g3 g6 4. Bg2 Bg7 5. Nge2 e6 6. d3 Nge7 7. Be3 d6 8. O-O
O-O 9. d4 cxd4 10. Nxd4 a6 11. Qd2 Re8 12. Rad1 d5 13. Nxc6 bxc6 14. exd5 cxd5
15. Bd4 f6 16. Bc5 Rb8 17. b4 Qc7 18. Rfe1 a5 19. a3 Bd7 20. Bxe7 Rxe7 21. Nxd5
exd5 22. Rxe7 Bf8 23. Qxd5+ 1-0

[Event "Первенство Москвы"]
[Site "РњРѕСЃРєРІР°"]
[Date "2016.11.15"]
[Round "4.26"]
[White "Kondratiev, Vadim"]
[Black "Sheyafetdinov, Daniil"]
[Result "1/2-1/2"]
[WhiteElo "1537"]
[BlackElo "1339"]
[PlyCount "80"]
[EventDate "2016.11.12"]

1. d4 d5 2. c4 e6 3. Nc3 Nf6 4. cxd5 exd5 5. Bg5 Be7 6. e3 c6 7. Bd3 O-O 8.
Nge2 Nbd7 9. Ng3 Re8 10. Qc2 Nf8 11. Nf5 Bxf5 12. Bxf5 Ng6 13. h4 Nf8 14. O-O-O
b5 15. h5 a5 16. f4 a4 17. Rdg1 Qa5 18. g4 b4 19. Nb1 c5 20. Bxf6 Bxf6 21. g5
Be7 22. g6 fxg6 23. hxg6 h6 24. b3 axb3 25. axb3 Qa2 26. Qxa2 Rxa2 27. Rd1 Bf6
28. Rhe1 Re7 29. Nd2 Ra1+ 30. Kc2 Rxd1 31. Rxd1 cxd4 32. exd4 Ne6 33. Bxe6+
Rxe6 34. Nf3 Rc6+ 35. Kb2 Kf8 36. Ne5 Bxe5 37. dxe5 Rxg6 38. Rxd5 Rg2+ 39. Kc1
Rf2 40. Rd4 Kf7 1/2-1/2

[Event "Первенство Москвы"]
[Site "РњРѕСЃРєРІР°"]
[Date "2016.11.15"]
[Round "4.30"]
[White "Makshanov, Matvey"]
[Black "Brutian, Kristian"]
[Result "0-1"]
[WhiteElo "1353"]
[BlackElo "1481"]
[PlyCount "100"]
[EventDate "2016.11.12"]

1. e4 c5 2. Nc3 d6 3. Bb5+ Bd7 4. Bxd7+ Qxd7 5. d3 Nc6 6. Nf3 g6 7. O-O Bg7 8.
Re1 Ne5 9. Nxe5 Bxe5 10. Be3 Bg7 11. d4 cxd4 12. Bxd4 Bxd4 13. Qxd4 e5 14. Qd3
Nf6 15. Red1 Ke7 16. Rd2 a6 17. Rad1 Rhd8 18. a4 Rac8 19. f3 Qc6 20. Qe3 Qc5
21. Kf2 Qxe3+ 22. Kxe3 g5 23. g3 h5 24. Rd3 Ke6 25. R1d2 Rc6 26. Nd5 Nd7 27. b4
Nb6 28. Nxb6 Rxb6 29. c3 Rc6 30. f4 f6 31. f5+ Ke7 32. Rd1 Rdc8 33. Kd2 Rc4 34.
Re3 b6 35. Kc2 a5 36. bxa5 bxa5 37. Kb3 R4c5 38. Kc2 Rb8 39. Rd5 Rxd5 40. exd5
Kd7 41. Re4 Rc8 42. Kb3 Rb8+ 43. Kc2 Rb7 44. Rc4 Rc7 45. Re4 Rc5 46. c4 Rc8 47.
Kb3 Rb8+ 48. Ka3 Rb4 49. h3 Kc7 50. g4 h4 0-1

[Event "Первенство Москвы"]
[Site "РњРѕСЃРєРІР°"]
[Date "2016.11.15"]
[Round "4.31"]
[White "Zurabian, Vage"]
[Black "Ratataev, Ilya"]
[Result "1/2-1/2"]
[WhiteElo "1649"]
[BlackElo "1262"]
[PlyCount "74"]
[EventDate "2016.11.12"]

1. c4 Nf6 2. g3 c5 3. Bg2 d5 4. cxd5 Nxd5 5. Nc3 Nc7 6. b3 Nc6 7. Nf3 e5 8. O-O
Be7 9. Bb2 f6 10. Rc1 Rb8 11. d3 b6 12. Nd2 Nd4 13. Nf3 O-O 14. Nxd4 cxd4 15.
Ne4 Bb7 16. a3 a5 17. Nd2 Bxg2 18. Kxg2 Ne6 19. Kg1 Qd5 20. Nc4 Ng5 21. h4 Ne6
22. Qd2 Nc5 23. Qc2 Rfc8 24. b4 axb4 25. axb4 Nd7 26. Qd2 Ra8 27. Ra1 b5 28.
Rxa8 Rxa8 29. Na5 Nb6 30. Rc1 Na4 31. Ba1 Qd6 32. Nc6 Bf8 33. Qc2 Kh8 34. Qb1
Re8 35. Qc2 Ra8 36. Qb1 Re8 37. Qc2 Ra8 1/2-1/2

[Event "Первенство Москвы"]
[Site "РњРѕСЃРєРІР°"]
[Date "2016.11.15"]
[Round "4.32"]
[White "Pryamikov, Dmitriy"]
[Black "Khakimullin, Artur"]
[Result "1/2-1/2"]
[WhiteElo "1398"]
[BlackElo "1147"]
[PlyCount "81"]
[EventDate "2016.11.12"]

1. e4 e5 2. Nf3 Nc6 3. Bc4 Bc5 4. c3 Nf6 5. d4 exd4 6. e5 Ne4 7. cxd4 Bb4+ 8.
Bd2 Bxd2+ 9. Nbxd2 Nxd2 10. Qxd2 d5 11. Bb5 Bd7 12. Bxc6 Bxc6 13. Qb4 Qe7 14.
Qxe7+ Kxe7 15. O-O Bd7 16. Rac1 c6 17. b4 Rac8 18. Nd2 f6 19. f4 g5 20. f5 h5
21. e6 Be8 22. h3 h4 23. b5 c5 24. Rxc5 Rxc5 25. dxc5 Bxb5 26. Rb1 Ba6 27. Nf3
Rc8 28. Rc1 Bd3 29. Nd4 Bc4 30. Rb1 Rc7 31. a4 Bd3 32. Rb4 Bc4 33. Kf2 Ba6 34.
Nb3 Bd3 35. Nd4 Ba6 36. Nb5 Rxc5 37. Nxa7 Rc2+ 38. Kg1 Rc1+ 39. Kf2 Rc2+ 40.
Kg1 Rc1+ 41. Kf2 1/2-1/2

[Event "Первенство Москвы"]
[Site "РњРѕСЃРєРІР°"]
[Date "2016.11.15"]
[Round "4.33"]
[White "Pankin, Pavel"]
[Black "Kazakov, Gleb"]
[Result "0-1"]
[WhiteElo "1301"]
[BlackElo "1366"]
[PlyCount "80"]
[EventDate "2016.11.12"]

1. e4 e5 2. Nf3 Nc6 3. Bc4 Bc5 4. c3 Nf6 5. d4 exd4 6. e5 d5 7. Bb5 Ne4 8. cxd4
Bb6 9. Nc3 Bg4 10. Qd3 Nxc3 11. bxc3 O-O 12. Ng5 g6 13. Qg3 h5 14. f3 Bf5 15.
Qf2 Nxe5 16. Ba3 Qxg5 17. Bxf8 Nd3+ 18. Bxd3 Bxd3 19. f4 Re8+ 20. Kd1 Qg4+ 21.
Kc1 Re2 22. Qf3 Qxf3 23. gxf3 Kxf8 24. Rd1 Bf5 25. Rd2 Re3 26. Kb2 Ba5 27. Rc1
Rxf3 28. Kb3 Rxf4 29. Ka4 Bb6 30. c4 Rxd4 31. Rxd4 Bxd4 32. cxd5 Bd7+ 33. Kb3
Bb6 34. a4 Ba5 35. Rc5 Bb6 36. Rc4 Ke7 37. Rb4 g5 38. Re4+ Kf6 39. Kc4 c6 40.
dxc6 Bxc6 0-1

[Event "Первенство Москвы по "]
[Site "Москва"]
[Date "2016.11.16"]
[Round "5.7"]
[White "Ochirov, Lidzhi"]
[Black "Kireev, Igor"]
[Result "1-0"]
[WhiteElo "1628"]
[BlackElo "1479"]
[PlyCount "77"]
[EventDate "2016.11.12"]

1. d4 d5 2. c4 e6 3. Nc3 Nf6 4. cxd5 exd5 5. Bg5 Nbd7 6. e3 c6 7. Bd3 Be7 8.
Qc2 O-O 9. Nge2 Re8 10. h3 Nf8 11. g4 b5 12. O-O-O a5 13. Kb1 a4 14. Nf4 Qa5
15. Nce2 Bd7 16. Nh5 Reb8 17. Neg3 b4 18. Qd2 b3 19. Qxa5 bxa2+ 20. Kxa2 Rxa5
21. Nxf6+ gxf6 22. Bf4 a3 23. Bxb8 axb2+ 24. Kxb2 Ra4 25. Kc2 Ra2+ 26. Kc3 Ra3+
27. Kd2 Bb4+ 28. Ke2 Ra2+ 29. Kf3 Ng6 30. Bxg6 hxg6 31. Ra1 Rd2 32. Rhd1 Rc2
33. Rdc1 Rd2 34. Nf1 Rd3 35. Ke2 Rb3 36. Rab1 Rc3 37. Rxc3 Bxc3 38. Rb7 Bc8 39.
Rc7 1-0

[Event "Первенство Москвы по "]
[Site "Москва"]
[Date "2016.11.16"]
[Round "5.8"]
[White "Chervonenkis, Boris"]
[Black "Girshgorn, Leonid"]
[Result "1-0"]
[WhiteElo "1804"]
[BlackElo "1518"]
[PlyCount "81"]
[EventDate "2016.11.12"]

1. e4 c6 2. d4 d5 3. Nc3 dxe4 4. Nxe4 Bf5 5. Ng3 Bg6 6. Nh3 h6 7. Nf4 Bh7 8.
Bc4 Nf6 9. O-O e6 10. Re1 Be7 11. Bxe6 fxe6 12. Nxe6 Qd7 13. Nxg7+ Kf7 14. N3h5
Qg4 15. f3 Qd7 16. Bf4 Bg6 17. Be5 Na6 18. Qe2 Nxh5 19. Nxh5 Bxh5 20. Bxh8 Rxh8
21. Qe5 Rg8 22. Qxh5+ Rg6 23. Re4 Nb4 24. Rae1 Bd8 25. Rg4 Qd6 26. Ree4 Nxc2
27. Ref4+ Kg7 28. Rxg6+ Qxg6 29. Rg4 Bg5 30. Qxg6+ Kxg6 31. h4 Ne3 32. Re4 Bf6
33. Rxe3 Bxd4 34. Kf2 Kf5 35. Ke2 Bxe3 36. Kxe3 h5 37. g3 c5 38. Kd3 b5 39. Kc3
a6 40. b3 Ke5 41. a4 1-0

[Event "Первенство Москвы по "]
[Site "Москва"]
[Date "2016.11.16"]
[Round "5.9"]
[White "Kurus, Artem"]
[Black "Vasilyev, Alexey"]
[Result "0-1"]
[WhiteElo "1598"]
[BlackElo "1857"]
[PlyCount "70"]
[EventDate "2016.11.12"]

1. c4 Nf6 2. Nf3 e6 3. g3 d5 4. Bg2 Bd6 5. O-O c6 6. b3 O-O 7. Bb2 Nbd7 8. d4
Qc7 9. Qc2 Ne4 10. Nbd2 f5 11. c5 Be7 12. Nxe4 fxe4 13. Ne5 Nxe5 14. dxe5 b6
15. cxb6 axb6 16. f4 Ba6 17. h4 Rac8 18. h5 Bc5+ 19. Kh2 Qf7 20. g4 Qe7 21. Kg3
Be3 22. Bh3 Bxf4+ 23. Rxf4 Rxf4 24. Kxf4 Qh4 25. Ke3 Qxh3+ 26. Kd2 Qxg4 27. Re1
c5 28. Qd1 d4 29. e3 Qg2+ 30. Kc1 c4 31. Kb1 c3 32. Re2 Bxe2 33. Qxd4 Bd3+ 34.
Ka1 Qf1+ 35. Bc1 Qxc1# 0-1

[Event "Первенство Москвы по "]
[Site "Москва"]
[Date "2016.11.16"]
[Round "5.10"]
[White "Pavlov, Mark"]
[Black "Gubanov, Timofey"]
[Result "1/2-1/2"]
[WhiteElo "1734"]
[BlackElo "1624"]
[PlyCount "140"]
[EventDate "2016.11.12"]

1. d4 d5 2. c4 c6 3. Nf3 Nf6 4. Qc2 g6 5. Bf4 Bg7 6. e3 Bf5 7. Qb3 Qb6 8. Nc3
Nbd7 9. h3 Qxb3 10. axb3 O-O 11. Be2 Be4 12. O-O a6 13. g4 h6 14. Nd2 g5 15.
Bg3 Bg6 16. Nf3 e6 17. c5 Ne4 18. Nxe4 dxe4 19. Nd2 e5 20. dxe5 Nxe5 21. Bxe5
Bxe5 22. Nc4 Bc7 23. Rfd1 Rad8 24. Kf1 f5 25. Kg1 Kg7 26. b4 f4 27. Rxd8 Rxd8
28. Rd1 Kf6 29. Rxd8 Bxd8 30. Nd6 b6 31. Bxa6 bxc5 32. bxc5 fxe3 33. fxe3 Ke6
34. Bc4+ Kd7 35. Bf7 Bh7 36. Be8+ Kc7 37. Nf7 Bg6 38. Nxd8 Bxe8 39. Ne6+ Kd7
40. Nd4 h5 41. gxh5 Bxh5 42. Kg2 Be8 43. Kg3 Ke7 44. h4 gxh4+ 45. Kxh4 Kf6 46.
Kg4 Ke5 47. Kg5 Bd7 48. b4 Be8 49. Kg4 Bd7+ 50. Kh5 Kd5 51. Kg5 Kc4 52. b5 Kxc5
53. bxc6 Bxc6 54. Nxc6 Kxc6 55. Kf4 Kd6 56. Kf5 Kd5 57. Kf4 Kd6 58. Kxe4 Ke6
59. Kf4 Kf6 60. Ke4 Ke6 61. Kd4 Kd6 62. e4 Ke6 63. e5 Ke7 64. Ke4 Ke6 65. Kf4
Ke7 66. Kf5 Kf7 67. Ke4 Ke6 68. Kd4 Ke7 69. Kc5 Ke6 70. Kd4 Ke7 1/2-1/2

[Event "Первенство Москвы по "]
[Site "Москва"]
[Date "2016.11.16"]
[Round "5.11"]
[White "Dunaev, Denis"]
[Black "Kirushin, Ivan"]
[Result "0-1"]
[WhiteElo "1559"]
[BlackElo "1671"]
[PlyCount "90"]
[EventDate "2016.11.12"]

1. d4 d5 2. c4 dxc4 3. Nc3 a6 4. a4 e6 5. e3 Nf6 6. Bxc4 c5 7. Nf3 Nc6 8. O-O
cxd4 9. exd4 Be7 10. Re1 O-O 11. h3 Nb4 12. Bf4 Nbd5 13. Bh2 b6 14. Rc1 Bb7 15.
Bxd5 Bxd5 16. Nxd5 Nxd5 17. Ne5 Rc8 18. Nc6 Qd7 19. Nxe7+ Nxe7 20. b3 Rxc1 21.
Qxc1 Qxd4 22. Rd1 Qb4 23. Bd6 Qh4 24. Qa3 Rd8 25. Rd2 Qe4 26. Qc1 Qc6 27. Qxc6
Nxc6 28. Bf4 Rxd2 29. Bxd2 Kf8 30. Be3 b5 31. axb5 axb5 32. Bc5+ Ke8 33. b4 Kd7
34. Kf1 e5 35. Ke2 Ke6 36. Kd3 Kd5 37. f3 f5 38. g3 e4+ 39. fxe4+ fxe4+ 40. Kc3
g6 41. Be3 Ne5 42. h4 Ng4 43. Bd2 e3 44. Be1 Ke4 45. Kc2 Kf3 0-1

[Event "Первенство Москвы по "]
[Site "Москва"]
[Date "2016.11.16"]
[Round "5.12"]
[White "Akhmetshin, Alexander"]
[Black "Yudin, Mikhail"]
[Result "0-1"]
[WhiteElo "1666"]
[BlackElo "1585"]
[PlyCount "94"]
[EventDate "2016.11.12"]

1. e4 c5 2. Nf3 e6 3. d4 cxd4 4. Nxd4 a6 5. Bd3 Qc7 6. O-O Nf6 7. Qe2 d6 8. c4
g6 9. f4 Bg7 10. f5 O-O 11. fxe6 fxe6 12. Nc3 Nc6 13. Nxc6 bxc6 14. b3 e5 15.
h3 Be6 16. Bb2 Nh5 17. Qe3 Nf4 18. Ne2 Bh6 19. Nxf4 Bxf4 20. Qe2 Qb6+ 21. Kh1
a5 22. Bc1 Bxc1 23. Raxc1 Qc5 24. Rb1 Rab8 25. Qd2 Kg7 26. Be2 h6 27. Kh2 g5
28. Bf3 Rf7 29. Qf2 Qxf2 30. Rxf2 g4 31. hxg4 Bxg4 32. Rbf1 Bxf3 33. Rxf3 Rbf8
34. Kg3 Rxf3+ 35. Rxf3 Rxf3+ 36. gxf3 Kg6 37. Kh4 h5 38. a3 c5 39. a4 Kh6 40.
Kh3 Kg5 41. Kg3 h4+ 42. Kh3 Kf4 43. Kxh4 Kxf3 44. Kg5 Kxe4 45. Kf6 Kd4 46. Ke6
e4 47. Kxd6 e3 0-1

[Event "Первенство Москвы по "]
[Site "Москва"]
[Date "2016.11.16"]
[Round "5.13"]
[White "Kuprin, Alexander"]
[Black "Efimov, Ivan"]
[Result "1-0"]
[WhiteElo "1648"]
[BlackElo "1486"]
[PlyCount "109"]
[EventDate "2016.11.12"]

1. e4 c5 2. Nf3 e6 3. d3 Nc6 4. Be2 b5 5. O-O a6 6. Bf4 Nge7 7. Bd6 Ng6 8. Bxf8
Nxf8 9. Nbd2 Ng6 10. a4 b4 11. Nc4 Qc7 12. Ne3 O-O 13. c3 a5 14. Rc1 Nf4 15.
cxb4 Nxe2+ 16. Qxe2 cxb4 17. b3 Qa7 18. Qb2 Ba6 19. Rfd1 Rac8 20. h3 h6 21. Nf1
Ne7 22. Qd2 d5 23. Ng3 dxe4 24. dxe4 Nc6 25. Qf4 Ne7 26. Qe5 Nc6 27. Qf4 Qb8
28. Qg4 Ne5 29. Nxe5 Qxe5 30. Rxc8 Rxc8 31. Qf3 Bb7 32. Rd7 Bc6 33. Qxf7+ Kh8
34. Re7 Bxe4 35. Rxe6 Bd5 36. Rxe5 Bxf7 37. Rxa5 Bxb3 38. Rb5 Bxa4 39. Rxb4
Rc1+ 40. Kh2 Bc6 41. Rb8+ Kh7 42. Rc8 Rc2 43. Rc7 Be4 44. Rxc2 Bxc2 45. Ne2 g5
46. Nd4 Bd1 47. Kg3 h5 48. h4 g4 49. Kf4 Kg6 50. Ke3 Ba4 51. g3 Bd7 52. Ne2 Kf6
53. Nf4 Kg7 54. Nxh5+ Kh6 55. Nf6 1-0

[Event "Первенство Москвы по "]
[Site "Москва"]
[Date "2016.11.16"]
[Round "5.14"]
[White "Rustamov, Sezqin"]
[Black "Baituganov, Vyacheslav"]
[Result "1-0"]
[WhiteElo "1798"]
[BlackElo "1537"]
[PlyCount "85"]
[EventDate "2016.11.12"]

1. e4 c6 2. d4 d5 3. Nc3 dxe4 4. Nxe4 Nf6 5. Nxf6+ gxf6 6. c3 Bf5 7. Bd3 Bg6 8.
f4 e6 9. Qe2 Bxd3 10. Qxd3 f5 11. Nf3 Nd7 12. Be3 Qc7 13. Ne5 Bd6 14. g3 Nf6
15. O-O-O O-O-O 16. h3 h5 17. Qc2 Rdg8 18. Rdg1 Ne4 19. g4 Bxe5 20. dxe5 h4 21.
g5 Rd8 22. g6 Ng3 23. Rh2 fxg6 24. Qb3 Rd5 25. Bxa7 Qa5 26. Be3 Qb5 27. Qxb5
cxb5 28. Rd2 Rhd8 29. Rxd5 Rxd5 30. Rd1 Rxd1+ 31. Kxd1 Kc7 32. Ke1 Ne4 33. Bf2
Nxf2 34. Kxf2 Kc6 35. Kf3 Kd5 36. b3 Kc5 37. Ke3 b6 38. Kd3 Kd5 39. b4 Kc6 40.
Kd4 Kd7 41. c4 bxc4 42. Kxc4 Kc6 43. a4 1-0

[Event "Первенство Москвы по "]
[Site "Москва"]
[Date "2016.11.16"]
[Round "5.15"]
[White "            , Lev"]
[Black "Pischik, Aleksei"]
[Result "1-0"]
[WhiteElo "1711"]
[BlackElo "1533"]
[PlyCount "95"]
[EventDate "2016.11.12"]

1. d4 d5 2. c4 e6 3. Nc3 Nf6 4. Nf3 Be7 5. cxd5 exd5 6. Bf4 c6 7. e3 Bf5 8. Bd3
Bxd3 9. Qxd3 Nbd7 10. h3 O-O 11. O-O Nh5 12. Bh2 Nhf6 13. Rab1 a5 14. a3 a4 15.
Qc2 Qa5 16. Kh1 Rfd8 17. Nd2 Nf8 18. g4 Bd6 19. f4 Ne6 20. Rg1 Nf8 21. Qd1 Re8
22. Qf3 Bxa3 23. Rgc1 Bb4 24. g5 N6d7 25. f5 f6 26. h4 Qd8 27. Bf4 fxg5 28.
hxg5 Qe7 29. Kh2 Bd6 30. e4 Bxf4+ 31. Qxf4 dxe4 32. Ndxe4 Qf7 33. Nd6 Qh5+ 34.
Kg3 Ng6 35. fxg6 Qxg6 36. Nxe8 Rxe8 37. Re1 Rf8 38. Qe3 Kh8 39. Ne4 Nb6 40. Rf1
Re8 41. Rbe1 Nd5 42. Qf3 Kg8 43. Qf5 Qxf5 44. Rxf5 g6 45. Re5 Rf8 46. Nc3 Nf4
47. Re8 Nh5+ 48. Kg4 1-0

[Event "Первенство Москвы по "]
[Site "Москва"]
[Date "2016.11.16"]
[Round "5.16"]
[White "Ivanov, Artem T"]
[Black "Tishkin, Boris"]
[Result "1-0"]
[WhiteElo "1660"]
[BlackElo "1527"]
[PlyCount "69"]
[EventDate "2016.11.12"]

1. e4 c5 2. Nf3 d6 3. d4 cxd4 4. Nxd4 Nf6 5. Nc3 g6 6. Be3 Bg7 7. f3 O-O 8. Qd2
Nc6 9. g4 Bd7 10. O-O-O Rc8 11. h4 h5 12. gxh5 Nxh5 13. Rg1 Ne5 14. Be2 Nc4 15.
Bxc4 Rxc4 16. Qd3 Qc8 17. Nd5 Re8 18. Rg5 e6 19. Nc3 a6 20. Rdg1 Bxd4 21. Rxh5
Bxc3 22. bxc3 Rxc3 23. Bd4 e5 24. Bxc3 Qc5 25. Rhg5 Bb5 26. Qd2 Rc8 27. Kb2 Ba4
28. h5 b5 29. hxg6 f6 30. R5g2 b4 31. Bxb4 Rb8 32. Ka3 Qb6 33. Qd5+ Kg7 34.
Qf7+ Kh6 35. Qh7# 1-0

[Event "Первенство Москвы по "]
[Site "Москва"]
[Date "2016.11.16"]
[Round "5.17"]
[White "Kozlov, Kirill"]
[Black "Nasyrov, Anton"]
[Result "0-1"]
[WhiteElo "1654"]
[BlackElo "1485"]
[PlyCount "148"]
[EventDate "2016.11.12"]

1. Nf3 d5 2. d4 e6 3. g3 f5 4. Bg2 Nf6 5. c4 c6 6. Qc2 Bd6 7. O-O O-O 8. Nbd2
Ne4 9. Ne5 Bxe5 10. dxe5 Nd7 11. Nxe4 fxe4 12. Qc3 Qe8 13. Bf4 Nb6 14. b3 h5
15. h4 Qg6 16. Rac1 Nd7 17. Kh2 Rf7 18. Bh3 Nf8 19. Rg1 Nh7 20. Rg2 Rf8 21.
Rcg1 Bd7 22. Be3 Rf7 23. Qd2 Kh8 24. g4 hxg4 25. Bxg4 Nf8 26. Bc5 Qh7 27. Qg5
b6 28. Bd6 Rf4 29. Kh1 Qh6 30. e3 Rf7 31. Rh2 Nh7 32. Qh5 Be8 33. Qxh6 gxh6 34.
Bxe6 Rg7 35. Rhg2 Rxg2 36. Rxg2 Bh5 37. Kg1 dxc4 38. Bxc4 Rd8 39. Be6 Nf6 40.
Be7 Rd1+ 41. Kh2 Nd5 42. Bxd5 Rxd5 43. Bf6+ Kh7 44. Rg7+ Kh8 45. Rxa7+ Kg8 46.
e6 Rf5 47. Rg7+ Kf8 48. Bc3 Rxf2+ 49. Kg3 Rf3+ 50. Kg2 Rxe3 51. Be5 Re2+ 52.
Kg3 e3 53. e7+ Ke8 54. Kf4 Bf7 55. Bd4 Kxe7 56. a4 Rh2 57. Kxe3 Rxh4 58. Bxb6
Rh3+ 59. Kd4 Rxb3 60. Bc5+ Kf6 61. Rg2 Rb8 62. Rf2+ Kg6 63. a5 Ra8 64. Bb6 h5
65. Ke5 Bc4 66. Rf6+ Kg7 67. Rxc6 Ba6 68. Rc7+ Kg6 69. Rc6+ Kg5 70. Be3+ Kg4
71. Rg6+ Kf3 72. Bf4 Re8+ 73. Kf5 Bd3+ 74. Kg5 Bxg6 0-1